000 00616nam a22002177a 4500
003 UA-OsUOA
001 70820
007 ta
008 20100920b un ||||| |||| 00| 0 ukr d
100 _aЯсь О.
090 _a94(477)
_bЯ86
942 _cSA
040 _aUA-OsUOA
_bukr
_cUA-OsUOA
_dUA-OsUOA
245 _aУкраїнський аташе в Європі. Багатоликі відповіді Михайла Драгоманова
300 _aС.11
955 _a0
041 _aukr
080 _a94(477)
773 0 _w70819
650 7 _a9 Географія. Біографії. Історія
_2UDC
999 _c357124
_d357124